Tema Central: La Coordinadora Centroamericana de Trabajadores (COCENTRA)

Enregistré dans:
Détails bibliographiques
Format: Texte
Tags: Ajouter un tag
Pas de tags, Soyez le premier à ajouter un tag!

MARC

LEADER 00000 a a2200000 04500
001 48488
003
040
245 |a Tema Central:   |b La Coordinadora Centroamericana de Trabajadores (COCENTRA)  
773 |g número3, (1992), páginas 3-10  
999 |c 33024  |d 33024